000 00586nam a22002057a 4500
999 _c7849
_d7849
003 OSt
005 20220325112305.0
008 220325b ||||| |||| 00| 0 eng d
020 _a9789814577373
040 _cDDC
082 _a658.4 PEA , 2015
100 _aPEARCE JOHN. A
_915963
245 _aSTRATEGIC MANAGEMENT
_bPLANNING FOR DOMESTIC AND GLOBAL COMPETITION
250 _a4TH ED.
260 _aNEWYORK:
_bMC GRAW HILL,
_c2015
300 _aXXI,450P.
_bILL.
_c25CM
504 _aINCLUDES CASES, FEFERENCES, AND INDEX
650 _aSTATEGIC MANAGEMENT
_915964
942 _2ddc
_cBOOK